000 00289nam a2200109Ia 4500
008 230907s9999||||xx |||||||||||||| ||und||
082 _a697.93
_bASH
100 _aJohn, David A.
_9115769
245 0 _aASHRAE design guide for air terminal units :
300 _axi, 226 pages :
942 _cBK
999 _c599495
_d599495